Green Day- Homecoming (Nobody Likes You) Demo- Lyrics - Statistics

General Stats
  • This quiz has been taken 9 times
  • The average score is 142 of 163
Answer Stats
Hint Answer % Correct
We're coming home ______ again
100%
They're ___ out without you | They're ____ out without you all
100%
And you can't tell _______ cause no one's here | Does ______ care | Does ________ care anyone
100%
So far _____ away
100%
I got a rock and roll _____ band
100%
I got a rock and roll ____ car
100%
And nobody _____ | Well, nobody _____ cares
100%
We're ______ home again | We're _______ home again coming
100%
I play the shit out the ______ drums
100%
_______ left the studio but me, myself and I | _________ left you Everyone
100%
Hey, where's ________ at? | Now _______ runs for cover | Where did _______ go? | +2 others everyone
100%
And another ________ ex-wife
100%
I just wanna be _____ free
100%
Your ______ left without you | Your _______ don't need you friends
100%
Having ___ | Having ____ fun
100%
I got a rock and roll __________ girlfriend
100%
Hallo, no, fuck you, just __ | Where'd you __? go
100%
I started fucking running as soon as my feet touched ______ ground
100%
And I can play the ______ guitar
100%
______ fun | _______ fun having
100%
And you guys aren't _____! | Every day! I get ___ on time | Get me out of _____ right now | Somebody get me out of ____ here
100%
And I should have stayed _____ | That's _____ | _____ home
100%
_____ Home
100%
I got a rock and roll ______ house
100%
So send my love a __________, and visit me in Hell letterbomb
100%
Everyone left the studio but __ me
100%
__, myself and I (hey!) Me
100%
Off of __ case my
100%
I got a kid in ________ New York
100%
_______ likes you Nobody
100%
And _______ cares | If _______ cares | _______ likes you nobody
100%
Get me out of here right ___ now
100%
We're not the only _____ ones
100%
Get me the fuck right ____ of here | They're all ___ without you out
100%
Get me the fuck _____ out of here right
100%
_________ get me out of here Somebody
100%
He'd rather be doing ______ else now something
100%
Here they come marching down the _______ (ooh, ooh-ooh) street
100%
______ all out without you They're
100%
____, nobody cares Well
100%
Nobody likes ____ you
100%
I'm all _____ | Left me here ______ | Left me recording all ______ alone
86%
I got a kid in the ___ Bay
86%
_____'s filling out paperwork now Billie
86%
So get off of my ____ case
86%
After 10 cups of _______ and you're still not here coffee
86%
Coming back from the ____ of town edge
86%
At the ________ on East 12th Street facility
86%
Nobody ever said that life was _____ now (ooh, ooh-ooh) fair
86%
We're the ones ______ going
86%
Cause Mike's all by _______ himself
86%
Me, myself and _ (hey!) I
86%
Ooh, ooh, la la la __ | Ooh, ooh, la la la ___ la
86%
Alone with ____, ____, ____, ____, ____ | And ____ is taking over | ____, ____, ____, ____ and Tre Mike
86%
Me, ______ and I (hey!) myself
86%
Their time has come, and it's going ______ (ooh, ooh-ooh) nowhere
86%
Ooh, ____, la la la la | ___, ooh, la la la la ooh
86%
Cause she's had enough and he had _______ plenty
86%
Is that a ___________? possibility
86%
That's when I heard my phone _____ ring
86%
And '______ and in and out again round
86%
The world is _________ round spinning
86%
I don't wanna ____ stay
86%
Drove back to the _____ | Everybody left the _____ | Everyone left the ______! studio
86%
In the ______ heat summer
86%
I haven't drank or smoked a _____ in over 22 days thing
86%
__________ their feets underneath
86%
They're all out _______ you without
86%
He's not listening to a ____ now word
86%
Something went ______ wrong
86%
His wife's on the line with _______ now anxiety
71%
He's in his own world and he's ____________ daydreaming
71%
Like a ___________ murmur of a heartbeat (ooh, ooh-ooh) desperation
71%
I was away ____ the studio from
71%
___! | ____ Hey
71%
I went to the county _____ jail
71%
I got a rock and roll _____ life
71%
____ of my case off
71%
Go-carts and guns are _________ they will bear treasures
71%
Like hanging out with Mike, ____ _____, Chris and Kenny Tre Cool
71%
I got myself in some _______ again trouble
71%
________ you go? Where'd
71%
He's just not answering his ____ cell
57%
And now I got work ______ detail
57%
_________ of a song, but Dreaming
57%
Where did our _______ go? drummer
57%
_____ Jeez
57%
We're back in the barrio and to you and me, that's ____________ Jingletown
57%
No one knows what it's ____ like
57%
I'm in ____ with Jimmy Boom (not for nomma nuts) love
57%
Now I'm _________ all alone recording
57%
What the fuck? I _____ up on time showed
57%
I got in my ____ SUV
57%
I went to the __________ warehouse
57%
Mike and Bill were _________ | ________ wondering
57%
He had his _______ there concert
43%
By the reed in ________ Danville
43%
I showed him my_______'s room fridge
43%
I don't care, I don't, I don't _____ know
43%
Mike, Mike, ____ at me Mad
43%
He showed me the _______ mystery
43%
I ________ my phone smashed
43%
I fell asleep while watching ______ TV Spike
43%
Case he went with __________ worrying
43%
After 10 cups of coffee, I'm _________ thinking
29%
No matching quizzes found
Score Distribution
Percent of People with Each Score
Percentile by Number Answered
Your Score History
You have not taken this quiz